000 00801nam a2200229Ii 4500
003 JO-AjNU
008 230605s9999||||xx |||||||||||||| ||und||
017 _a2015/10/5235
020 _a978-9957-952-09-9
040 _aJO-AjNU
_bara
_erda
_cJO-AjNU
041 _aara
050 1 4 _aHG1707.J353 2021
100 3 _aالحجاوي، طلال محمد علي؛ م. مشارك مصطفى سلام الدفاعي,
_eauthor
_961570
245 0 0 _aالتقييم المحاسبي للمصارف الاسلامية
250 _aط1
264 3 1 _aعمان :دار الأيام للنشر ،2021
300 _a250ص
336 _atext
_btxt
_2rdacontent
337 _aunmediated
_bn
_2rdamedia
338 _avolume
_bnc
_2rdacarrier
650 4 _aالبنوك الاسلاميه- المحاسبة
_961571
999 _aA27837
_c31405
_d31405